000 00448cam a22001337a 4500
008 180718b1963 xxu||||| |||| 00| 0 eng d
082 _aU6x71 In2
100 _aCorbett, D.C.
245 _aPublic enterprise in two dominions: Canada and Australia
_cby D.C. Corbett
260 _aNew Delhi
_bIndian Institute of Public Administration
_c1963
300 _a38p.
650 _aGovernment enterprise - Australia
650 _aGovernment enterprise - Canada
999 _c475863
_d475863